Chovat se tržně, ale s ohledem na veřejné blaho. Železniční osobní doprava.

V dopravnej politike vyspelých západných krajín a v orgánoch ES sa zohľadňuje verejný záujem. S dopravnými podnikmi sa uzatvárajú zmluvy o verejnej službe. Záväzky verejnej služby berú do úvahy sociálne a ekologické faktory. Obchodné záujmy dopravného podniku sa dávajú do súladu s verejným blahom.

Saved in:
Bibliographic Details
Main Author: Stejskal, P.
Format: Book Chapter
Language:Czech
Subjects:
Tags: Add Tag
No Tags, Be the first to tag this record!

MARC

LEADER 00000naa a2200000 4500
001 r011035
005 20220831083652.6
041 0 |a cze 
044 |a [CS] 
245 1 0 |a Chovat se tržně, ale s ohledem na veřejné blaho.  |b Železniční osobní doprava.  |c P. Stejskal 
520 |a V dopravnej politike vyspelých západných krajín a v orgánoch ES sa zohľadňuje verejný záujem. S dopravnými podnikmi sa uzatvárajú zmluvy o verejnej službe. Záväzky verejnej služby berú do úvahy sociálne a ekologické faktory. Obchodné záujmy dopravného podniku sa dávajú do súladu s verejným blahom. 
610 2 0 |a doprava železničná osobná 
610 2 0 |a podnik dopravný 
610 2 0 |a Rakúsko 
610 2 0 |a politika dopravná 
610 2 0 |a zákony 
610 2 0 |a služby 
100 1 |a Stejskal, P.